[Event "Levice Toth Memorial"]
[Site "Levice"]
[Date "2019.08.02"]
[Round "3"]
[White "Panik, Ladislav"]
[Black "Berek, Geza"]
[Result "0-1"]
[WhiteElo "1611"]
[BlackElo "2163"]
[PlyCount "72"]
[EventDate "2019.08.01"]
[EventType "swiss"]
[EventRounds "7"]
[EventCountry "SVK"]
[SourceTitle "EXT 2020"]
[Source "ChessBase"]
[SourceDate "2019.10.17"]
[SourceVersion "1"]
[SourceVersionDate "2019.10.17"]
[SourceQuality "1"]

1. e4 g6 2. d4 Bg7 3. f4 c5 4. c3 cxd4 5. cxd4 Qb6 6. Nf3 Nc6 7. e5 Nh6 8. Na3 Nf5 9. Nc4 Qc7 10. g4 Nh6 11. h3 0-0 12. Be3 d5 13. Na3 f6 14. Qd2 fxe5 15. Nxe5 Nxe5 16. fxe5 Nf7 17. Rc1 Qb6 18. Rc2 Be6 19. Be2 Nd8 20. Rf1 Nc6 21. Rc3 Bxe5 22. dxe5 d4 23. Nc4 dxc3 24. Qxc3 Qb4 25. Rxf8+ Rxf8 26. Bd2 Qxc3 27. Bxc3 b5 28. Na5 Nxa5 29. Bxa5 Bxa2 30. Bxb5 Rb8 31. Bd7 Rxb2 32. Bd8 Kf7 33. g5 Be6 34. Bc6 Bxh3 35. Ba5 Bg4 36. Bd2 Ke6 0-1

[Event "Levice op"]
[Site "Levice"]
[Date "2018.08.02"]
[Round "1"]
[White "Mederly, Jan"]
[Black "Panik, Ladislav"]
[Result "0-1"]
[WhiteElo "1028"]
[BlackElo "1673"]
[PlyCount "68"]
[EventDate "2018.08.02"]
[EventType "swiss"]
[EventRounds "7"]
[EventCountry "SVK"]
[SourceTitle "CBM 185 Extra"]
[Source "ChessBase"]
[SourceDate "2018.07.29"]
[SourceVersion "1"]
[SourceVersionDate "2018.07.29"]
[SourceQuality "1"]

1. e4 e5 2. Nf3 Nc6 3. Bc4 Nf6 4. d3 Bc5 5. c3 h6 6. Be3 Bb6 7. Nbd2 d6 8. d4 Qe7 9. d5 Nd8 10. Qa4+ Bd7 11. Bb5 c6 12. Bxb6 cxb5 13. Qa5 a6 14. Bxd8 Rxd8 15. Qb6 Bg4 16. Qe3 0-0 17. h3 Bh5 18. 0-0 Qd7 19. Nb3 Bg6 20. Nbd2 Nh5 21. Nh4 Bh7 22. f3 f5 23. Rae1 f4 24. Qf2 Ng3 25. Nb3 Nxf1 26. Rxf1 g5 27. Nf5 Bxf5 28. exf5 Qxf5 29. Qb6 Rd7 30. Na5 Rff7 31. g4 fxg3 32. Kg2 Qf4 33. Qa7 e4 34. fxe4 Qxf1+ 0-1

[Event "SVK-chT2B 1718"]
[Site "Slovakia"]
[Date "2018.01.13"]
[Round "5.8"]
[White "Panik, Ladislav"]
[Black "Geleta, Andrej"]
[Result "0-1"]
[WhiteElo "1692"]
[BlackElo "1775"]
[PlyCount "124"]
[EventDate "2017.10.28"]
[EventType "team-tourn"]
[EventRounds "11"]
[EventCountry "SVK"]
[SourceTitle "EXT 2019"]
[Source "ChessBase"]
[SourceDate "2018.10.10"]
[SourceVersion "1"]
[SourceVersionDate "2018.10.10"]
[SourceQuality "1"]
[WhiteTeam "Levice"]
[BlackTeam "Tlmace"]
[WhiteTeamCountry "SVK"]
[BlackTeamCountry "SVK"]

1. e4 e5 2. Nf3 Nc6 3. Bc4 Bc5 4. b4 Bxb4 5. c3 Bc5 6. d4 exd4 7. Qb3 Qe7 8. 0-0 d6 9. Bg5 f6 10. Bxg8 fxg5 11. cxd4 Bxd4 12. Nxd4 Nxd4 13. Qc4 Ne6 14. Bxe6 Bxe6 15. Qa4+ c6 16. Nc3 0-0 17. Rad1 Rfd8 18. Qa3 Qf8 19. Rd2 Rd7 20. Rfd1 d5 21. Qxf8+ Rxf8 22. exd5 Rfd8 23. d6 h6 24. a4 Kf7 25. Ne4 b6 26. f3 Bd5 27. a5 Bxe4 28. fxe4 Ke6 29. e5 Kxe5 30. Re2+ Kf6 31. axb6 axb6 32. Rf1+ Kg6 33. Re6+ Kh7 34. Rd1 Kg8 35. Kf2 Kf7 36. Rde1 Rxd6 37. Re7+ Kf6 38. Rb7 b5 39. Ree7 Re6 40. Rf7+ Ke5 41. Rxg7 Kd5 42. Kg3 Kc4 43. Rgc7 Rf8 44. Rb6 Kc5 45. Ra6 h5 46. h3 Re3+ 47. Kh2 Rf6 48. Kg1 Re4 49. Kh2 Ra4 50. Rca7 Rxa6 51. Rxa6 Kc4 52. Ra1 b4 53. Rc1+ Kb5 54. Re1 Rf5 55. g4 hxg4 56. hxg4 Rd5 57. Kg2 b3 58. Re3 Kb4 59. Kf1 Rd4 60. Re6 c5 61. Rb6+ Kc3 62. Rb5 Rc4 0-1

[Event "SVK-chT2B 1617"]
[Site "Slovakia"]
[Date "2017.02.12"]
[Round "9.8"]
[White "Panik, Ladislav"]
[Black "Kralova, Katarina"]
[Result "0-1"]
[WhiteElo "1682"]
[BlackElo "1933"]
[PlyCount "134"]
[EventDate "2016.10.08"]
[EventType "team-tourn"]
[EventRounds "11"]
[EventCountry "SVK"]
[SourceTitle "EXT 2018"]
[Source "ChessBase"]
[SourceDate "2017.10.13"]
[SourceVersion "1"]
[SourceVersionDate "2017.10.13"]
[SourceQuality "1"]
[WhiteTeam "Levice"]
[BlackTeam "Batorove Kosihy"]
[WhiteTeamCountry "SVK"]
[BlackTeamCountry "SVK"]

1. e4 c5 2. Nf3 a6 3. d4 cxd4 4. Nxd4 e5 5. Nf3 Nf6 6. Bg5 Qb6 7. Bd3 Bc5 8. 0-0 h6 9. Bh4 g5 10. Bg3 d6 11. Nc3 Qc7 12. Nd5 Nxd5 13. exd5 Bg4 14. h3 Bh5 15. Be4 Nd7 16. Bf5 Bg6 17. Qd3 Rg8 18. Rae1 0-0-0 19. c3 a5 20. a3 a4 21. Bh2 Qb6 22. Re2 Qb3 23. Rd2 Kb8 24. Re1 Nb6 25. Red1 Nc4 26. Bxg6 fxg6 27. Qe2 Nxd2 28. Rxd2 Rdf8 29. Bg3 Ka8 30. Kh2 Rf5 31. Ne1 h5 32. f3 h4 33. Bf2 Bxf2 34. Qxf2 Rgf8 35. Qe3 Qc4 36. Nc2 Qf4+ 37. Qxf4 gxf4 38. Re2 Ka7 39. Re4 b5 40. Nb4 Kb6 41. Nd3 Rc8 42. Kg1 Rf7 43. Kf2 Rfc7 44. Ke2 Rc4 45. Kd2 Rxe4 46. fxe4 Rf8 47. Ne1 g5 48. Nf3 Rg8 49. Nh2 Kc5 50. Kd3 Rg7 51. Ng4 f3 52. gxf3 Rf7 53. Nh2 Rf4 54. Kd2 Kc4 55. Kc2 Rf8 56. Kd2 Kb3 57. Kc1 b4 58. axb4 a3 59. bxa3 Kxc3 60. b5 Ra8 61. Ng4 Rxa3 62. Kd1 Rb3 63. Ke2 Rxb5 64. Ke3 Rb1 65. Kf2 Kd3 66. Kg2 Ke2 67. Nh2 Rb3 0-1